MARC details
| 000 -CABECERA |
| campo de control de longitud fija |
03257nam a2200445 i 4500 |
| 001 - NÚMERO DE CONTROL |
| campo de control |
000045045 |
| 003 - IDENTIFICADOR DEL NÚMERO DE CONTROL |
| campo de control |
DO-SdBNP |
| 005 - FECHA Y HORA DE LA ÚLTIMA TRANSACCIÓN |
| campo de control |
20231206090008.0 |
| 007 - CAMPO FIJO DE DESCRIPCIÓN FÍSICA--INFORMACIÓN GENERAL |
| campo de control de longitud fija |
ta |
| 008 - DATOS DE LONGITUD FIJA--INFORMACIÓN GENERAL |
| campo de control de longitud fija |
150130s2007 cu a 000 j spa d |
| 020 ## - NÚMERO INTERNACIONAL ESTÁNDAR DEL LIBRO |
| Número Internacional Estándar del Libro |
9789592097681 |
| 040 ## - FUENTE DE LA CATALOGACIÓN |
| Centro catalogador/agencia de origen |
DO-SdBNP |
| Lengua de catalogación |
spa |
| Centro/agencia transcriptor |
BNPHU |
| Normas de descripción |
rda |
| 082 #4 - NÚMERO DE LA CLASIFICACIÓN DECIMAL DEWEY |
| Número de edición |
22 |
| 245 00 - MENCIÓN DE TÍTULO |
| Título |
Antología de cuentos infantiles : |
| Resto del título |
Cuba-República Dominicana. / |
| Mención de responsabilidad, etc. |
edición, Thelma Jiménez Santos ; ilustraciones, Alexis Lago... [et.al]. |
| 264 ## - PRODUCCIÓN, PUBLICACIÓN, DISTRIBUCIÓN, FABRICACIÓN Y COPYRIGHT |
| Producción, publicación, distribución, fabricación y copyright |
Santo Domingo : |
| Nombre del de productor, editor, distribuidor, fabricante |
Unión, |
| Fecha de producción, publicación, distribución, fabricación o copyright |
2007. |
| 300 ## - DESCRIPCIÓN FÍSICA |
| Extensión |
159 páginas : |
| Otras características físicas |
ilustraciones ; |
| Dimensiones |
23 cm. |
| 336 ## - TIPO DE CONTENIDO |
| Fuente |
rdacontent |
| Término de tipo de contenido |
texto |
| Código de tipo de contenido |
txt |
| 337 ## - TIPO DE MEDIO |
| Fuente |
rdamedia |
| Nombre/término del tipo de medio |
sin mediación |
| Código del tipo de medio |
n |
| 338 ## - TIPO DE SOPORTE |
| Fuente |
rdacarrier |
| Nombre/término del tipo de soporte |
volumen |
| Código del tipo de soporte |
nc |
| 490 1# - MENCIÓN DE SERIE |
| Mención de serie |
DienteLeche |
| 500 ## - NOTA GENERAL |
| Nota general |
Incluye datos biografícos de los autores y de los ilustradores |
| 505 0# - NOTA DE CONTENIDO CON FORMATO |
| Nota de contenido con formato |
Monstruosi-- |
| Información miscelánea |
Enrique Pérez Díaz-- |
| Título |
El sueño de Penélope-- |
| Información miscelánea |
Eleanor Grimaldi silié-- |
| Título |
Un lugar posible-- |
| Información miscelánea |
Olga Marta Pérez-- |
| Título |
El día en que dos ciudades contrarias descubrieron que eran hermanas-- |
| Información miscelánea |
Margarita Luciano- |
| Título |
¡Oigo! ¿habla migue?-- |
| Información miscelánea |
Enid Vian-- |
| Título |
El ramageo-- |
| Información miscelánea |
Brunilda Contreras-- |
| Título |
Foto de familia-- |
| Información miscelánea |
Omar Felipe Mauri-- |
| Título |
Timo, el dinosaurio-- |
| Información miscelánea |
Aída Bonnelly de Díaz-- |
| Título |
El cuento de Pomponio pepino-- |
| Información miscelánea |
Julia Calzadilla Nuñez-- |
| Título |
Historia de niña Flor-- |
| Información miscelánea |
Marcio Veloz Maggiolo |
| Título |
Un animal musical-- |
| Información miscelánea |
Ivette Vian Altarriba-- |
| Título |
Vuelo de amigos-- |
| Información miscelánea |
Aída Bonnelly de Díaz-- |
| Título |
Carmelo, el bombero-- |
| Información miscelánea |
Lucía Amelia Cabral-- |
| Título |
La perdida por la ganada o el cambio del niño por la vaca-- |
| Información miscelánea |
Albertico Yánez-- |
| Título |
Ofidia una culebra feliz-- |
| Información miscelánea |
Lorelay Carrón-- |
| Título |
Bili va de paseo-- |
| Información miscelánea |
Magaly Sánchez-- |
| Título |
La aventura de Juan Javier-- |
| Información miscelánea |
Eleanor Grimaldi-- |
| Título |
El rey ratón-- |
| Información miscelánea |
Teresa Cárdenas-- |
| Título |
Bajo el resplandor de la luna-- |
| Información miscelánea |
Lorelay Carrón-- |
| Título |
El viaje de Mico-- |
| Información miscelánea |
Esther Suárez Durán-- |
| Título |
Sueño en una noche de verano-- |
| Información miscelánea |
Nelson Simón-- |
| Título |
Historia del cíclope ratón y su amigo el bufón-- |
| Información miscelánea |
Leibi NG-- |
| Título |
La ciguapita-- |
| Información miscelánea |
Aidita Selman-- |
| Título |
Bernardino-- |
| Información miscelánea |
Felipe J. Oliva Alicea-- |
| Título |
Pez bobo y Quijotín en busca de la ciudad perdida-- |
| Información miscelánea |
César Sánchez Beras-- |
| Título |
El último diente de leche-- |
| Información miscelánea |
José M. Espino-- |
| Título |
La lucígola-- |
| Información miscelánea |
Reynaldo Disla-- |
| Título |
La familia del señor y la señora Lechuza-- |
| Información miscelánea |
Celima Bernal García-- |
| Título |
El capitán de las arenas-- |
| Información miscelánea |
Luis Carlos Suárez-- |
| Título |
Hojas y plumas-- |
| Información miscelánea |
Luis Martín Gómez-- |
| Título |
Ogrito Feliz-- |
| Información miscelánea |
Karina Ubiñas. |
| 590 ## - NOTA LOCAL (RLIN) |
| Nota local |
Inventariado, 2023/BT |
| 700 1# - PUNTO DE ACCESO ADICIONAL--NOMBRE DE PERSONA |
| Nombre de persona |
Jiménez Santos, Thelma, |
| Término indicativo de función/relación |
edición |
| 9 (RLIN) |
73041 |
| 700 1# - PUNTO DE ACCESO ADICIONAL--NOMBRE DE PERSONA |
| Nombre de persona |
Lago, Alexis, |
| Término indicativo de función/relación |
ilustraciones |
| 9 (RLIN) |
73042 |
| 700 1# - PUNTO DE ACCESO ADICIONAL--NOMBRE DE PERSONA |
| Nombre de persona |
González Giménez, Miriam, |
| Término indicativo de función/relación |
ilustraciones |
| 9 (RLIN) |
73043 |
| 700 1# - PUNTO DE ACCESO ADICIONAL--NOMBRE DE PERSONA |
| Nombre de persona |
Bestard Cruz, Luis, |
| Término indicativo de función/relación |
ilustraciones |
| 9 (RLIN) |
73044 |
| 700 1# - PUNTO DE ACCESO ADICIONAL--NOMBRE DE PERSONA |
| Nombre de persona |
Iglesias Segrera, Rubén A., |
| Término indicativo de función/relación |
ilustraciones |
| 9 (RLIN) |
73045 |
| 700 1# - PUNTO DE ACCESO ADICIONAL--NOMBRE DE PERSONA |
| Nombre de persona |
Duarte, Elio, |
| Término indicativo de función/relación |
ilustraciones |
| 9 (RLIN) |
73046 |
| 700 1# - PUNTO DE ACCESO ADICIONAL--NOMBRE DE PERSONA |
| Nombre de persona |
Sarmiento, Eduardo, |
| Término indicativo de función/relación |
ilustraciones |
| 9 (RLIN) |
73047 |
| 700 1# - PUNTO DE ACCESO ADICIONAL--NOMBRE DE PERSONA |
| Nombre de persona |
Fernández Pérez, Nidia, |
| Término indicativo de función/relación |
il.}ustraciones |
| 9 (RLIN) |
73048 |
| 700 1# - PUNTO DE ACCESO ADICIONAL--NOMBRE DE PERSONA |
| Nombre de persona |
Miari Gutiérrez, Maritza, |
| Término indicativo de función/relación |
ilustraciones |
| 9 (RLIN) |
73049 |
| 700 1# - PUNTO DE ACCESO ADICIONAL--NOMBRE DE PERSONA |
| Nombre de persona |
Somonte, Alein, |
| Término indicativo de función/relación |
ilustraciones |
| 9 (RLIN) |
73050 |
| 700 1# - PUNTO DE ACCESO ADICIONAL--NOMBRE DE PERSONA |
| Nombre de persona |
Ponce Sánchez, Nelson, |
| Término indicativo de función/relación |
ilustraciones |
| 9 (RLIN) |
73051 |
| 700 1# - PUNTO DE ACCESO ADICIONAL--NOMBRE DE PERSONA |
| Nombre de persona |
Sarmiento, Eduardo, |
| Término indicativo de función/relación |
ilustraciones |
| 9 (RLIN) |
73047 |
| 700 1# - PUNTO DE ACCESO ADICIONAL--NOMBRE DE PERSONA |
| Nombre de persona |
Salgado Hurtado, Rosa, |
| Término indicativo de función/relación |
ilustraciones |
| 9 (RLIN) |
73052 |
| 700 1# - PUNTO DE ACCESO ADICIONAL--NOMBRE DE PERSONA |
| Nombre de persona |
Acosta, José Antonio, |
| Término indicativo de función/relación |
ilustraciones |
| 9 (RLIN) |
36192 |
| 910 ## - DATOS DE OPCIÓN DEL USUARIO (OCLC) |
| Datos de opción del usuario |
Btavárez |
| 942 ## - ELEMENTOS DE PUNTO DE ACCESO ADICIONAL (KOHA) |
| Fuente del sistema de clasificación o colocación |
Dewey Decimal Classification |
| Tipo de ítem Koha |
Libro |